Analýza pracovných rizík v spoločnosti Euromilk, a.s.
Salvato in:
| Autore principale: | |
|---|---|
| Altri autori: | |
| Natura: | Manoscritto Libro |
| Lingua: | slovacco |
| Pubblicazione: |
STU v Bratislave MTF UBEI,
2010
|
| Soggetti: | |
| Accesso online: | VAIS |
| Tags: |
Nessun Tag, puoi essere il primo ad aggiungerne!!
|
MARC
| LEADER | 00000ntm a22000003a 4500 | ||
|---|---|---|---|
| 001 | stu206204 | ||
| 005 | 20160719160200.1 | ||
| 008 | 100702s2010------------------------slo-d | ||
| 040 | |a STU |b slo | ||
| 041 | 0 | |a slo | |
| 100 | 1 | |a Gaálová, Marta |4 aut |X 31664 |7 A000031664 | |
| 242 | 0 | 0 | |a The analysis of work related risk on the workplace in Euromilk company |y eng |
| 245 | 1 | |a Analýza pracovných rizík v spoločnosti Euromilk, a.s. | |
| 260 | |b STU v Bratislave MTF UBEI, |c 2010 | ||
| 650 | 7 | |a analýza rizík |2 stusub | |
| 650 | 7 | |a HACCP |2 stusub | |
| 650 | 7 | |a HACCP |2 stusub | |
| 700 | 1 | |a Balog, Karol, |d 1949- |4 ths |u M5000 |U MTF Materiálovotechnologická fakulta |T MTF Ústav bezpečnosti, environmentu a kvality |X 243 |U M5000 |Y 85 |7 A000000243 | |
| 856 | 4 | |a info a plný text |u http://is.stuba.sk/zp/portal_zp.pl?podrobnosti=75570 |3 VAIS | |
| 996 | |c M*DP-8968 |l MMSKP |s P |a 0 |w stu206204_0001 | ||